000
00303nam a22001457a 4500
003
SGT
082
_a
303.375
_b
P12J
100
_a
JOWELT, GARTH S.
245
_a
PROPAGANDA & PERSUASION
250
_a
5TH
260
_a
LONDON
_b
SAGE
_c
2012
300
_a
432
650
_a
PSYCHOLOGY
942
_2
ddc
_c
BK
999
_c
10486
_d
10486